| 000 | 00592nam a2200229Ia 4500 | ||
|---|---|---|---|
| 003 | OSt | ||
| 005 | 20220928102615.0 | ||
| 006 | a|||||r|||| 00| 0 | ||
| 007 | ta | ||
| 008 | 220927b |||||||| |||| 00| 0 eng d | ||
| 024 | _a73042 | ||
| 037 | _cTextual | ||
| 040 |
_aSDCL _cSDCL _beng |
||
| 041 |
_2eng _aeng |
||
| 082 | _aY:45:6.2'C, L3 | ||
| 100 |
_aDas Gupta Ramaprasad _9399291 |
||
| 245 | 0 | _aCrime and punishment in ancient India. | |
| 260 | _c1973 | ||
| 300 |
_a168p. _ccm. |
||
| 942 |
_hY:45:6.2'C, L3 _cTEXL _2CC |
||
| 999 |
_c715153 _d715153 |
||